1992 1931 1772 1348 1243 1339 1993 1708 1093 1656 1250 1325 1533 1421 1619 1825 1838 1003 1183 1629 1328 1837 1259 1942 1367 1231 1139 1297 1507 1627 1594 1735 1208 1040 1090 1818 1638 1740 1198 1250 1278 1183 1038 1090 1198 1670 1170 1222 1143 1770 1934 1653 1241 1470 1073 1004 1202 1770 1668 1786 1578 1657 1860 1125 1142 1237 1482 1648 1283 1162 1838 1710 1354 1280 1340 1887 1521 1665 1422 1385 1686 1641 1514 1892 1407 1154 1220 1285 1343 1596 1632 1600 1025 1535 1056 1013 1542 1911 1944 BCNSPRNW ULIB Ver.6.0+V

เปลี่ยนเป็นภาษาไทย

Change to English
 แสดงรายละเอียดบรรณานุกรม
  กลับหน้าหลัก

Brief Record : Get Marc (ISO 2709) : E-mail record : QR code < ปิดหน้าต่าง
LEADER : 00000nam a2200000Ia 4500
001    13399114495
003     ULIB
008    960108c19859999us a ss 0 eng d
020    ^a9781574393194
060 04 ^aQV38^bD794
245 00 ^aDrug :^bfacts and comparisons 2011
246 10 ^aDrug facts and comparisons
260    ^aSt. Louis :^bFacts and Comparisons,^c2003-<2010>
300    ^a 3633pp ;^c28 cm. +^e1 computer optical disc
310    ^aAnnual
362 0  ^a2003-<2010>
500    ^aeditors vary
500    ^aDescription based on 1985
650  2 ^aPharmaceutical Preparations^xCatalogs
650  2 ^aCatalogs, Drug
650  2 ^aDrugs^vhandbooks
710 2  ^aFacts and Comparisions Division
740 02 ^aDrug facts and comparisons 1981-<2012>
995    ^a Kesorn
999 ^a ใช้งานได้ทุกระบบ
รายการนี้ยังไม่มีแท็ก
คุณยังไม่ได้ล็อกอิน คุณสามารถมีกิจกรรมร่วมกับเว็บไซต์ได้ แต่ต้องล็อกอินก่อน ::
  ล็อกอิน

รายการสื่อสารสนเทศ

ลำดับที่ ประเภท เลขเรียก/บาร์โค้ด สถานที่ สถานะ
- ไม่พบข้อมูล -

BibComment


ยังไม่เคยถูกคอมเมนท์

คอมเมนท์ทรัพยากรรายการนี้
  คอมเมนท์: Drug facts and ..


 Copyright 2026. Bcnsprnw @Library